[Event "CHI-ch sf qual U1600"]
[Site "La Cruz"]
[Date "2019.12.29"]
[Round "2.1"]
[White "Gonzalez Osorio, Rafael"]
[Black "Sepulveda Castro, Cesar"]
[Result "0-1"]
[WhiteElo "1117"]
[BlackElo "1765"]
[PlyCount "118"]
[EventDate "2019.12.29"]
[EventType "swiss"]
[EventRounds "5"]
[EventCountry "CHI"]
[SourceTitle "EXT 2024"]
[Source "ChessBase"]
[SourceDate "2023.10.10"]
[SourceVersion "1"]
[SourceVersionDate "2023.10.10"]
[SourceQuality "1"]

1. e4 c6 2. d4 d5 3. exd5 cxd5 4. Nf3 Nc6 5. Bf4 Bg4 6. Be2 e6 7. 0-0 Nf6 8. Nbd2 Be7 9. h3 Bh5 10. Ne5 Bxe2 11. Nxc6 Bxd1 12. Nxd8 Be2 13. Rfe1 Ba6 14. Nxe6 fxe6 15. Rxe6 Kf7 16. Rae1 Rhe8 17. Nf3 Bb4 18. Ng5+ Kf8 19. c3 Be7 20. Be5 h6 21. Bxf6 Bxf6 22. Nf3 Rxe6 23. Rxe6 Re8 24. Rd6 Rd8 25. Re6 Kf7 26. Re1 Re8 27. Ne5+ Bxe5 28. dxe5 Ke6 29. f4 Kf5 30. g3 g5 31. fxg5 hxg5 32. e6 Rxe6 33. Rxe6 Kxe6 34. h4 gxh4 35. gxh4 Kf5 36. Kf2 Kg4 37. Ke3 Bf1 38. Kf2 Bd3 39. Ke3 Be4 40. c4 Bh1 41. Kd4 dxc4 42. Kxc4 Kxh4 43. b4 Kg4 44. a4 Kf5 45. Kc5 Ke5 46. b5 b6+ 47. Kb4 Kd5 48. a5 Bf3 49. axb6 axb6 50. Kb3 Kc5 51. Ka4 Bd1+ 52. Ka3 Kxb5 53. Ka2 Kb4 54. Kb2 Bh5 55. Ka2 Kc3 56. Kb1 b5 57. Ka1 b4 58. Kb1 b3 59. Ka1 b2+ 0-1

[Event "South America-ch U10 16th"]
[Site "Buenos Aires"]
[Date "2019.12.05"]
[Round "8.6"]
[White "Gonzalez Osorio, Rafael"]
[Black "Reyes Zavaleta, Cristhian Yamil"]
[Result "0-1"]
[WhiteElo "1100"]
[BlackElo "1312"]
[PlyCount "64"]
[EventDate "2019.12.01"]
[EventType "swiss"]
[EventRounds "9"]
[EventCountry "ARG"]
[SourceTitle "EXT 2024"]
[Source "ChessBase"]
[SourceDate "2023.10.10"]
[SourceVersion "1"]
[SourceVersionDate "2023.10.10"]
[SourceQuality "1"]

1. e4 e5 2. Nf3 Nc6 3. Bb5 Bc5 4. 0-0 d6 5. c3 Bd7 6. d4 exd4 7. Bxc6 bxc6 8. cxd4 Bb6 9. h3 h6 10. Nc3 Nf6 11. e5 dxe5 12. dxe5 Nh7 13. Bf4 0-0 14. a3 f6 15. Qb3+ Kh8 16. e6 Bc8 17. Rad1 Qe7 18. Rfe1 Re8 19. Qc4 c5 20. Nd5 Bxe6 21. Qe4 Qf7 22. Nc3 Bb3 23. Qc6 Bxd1 24. Rxd1 Rad8 25. Rf1 Qd7 26. Qb7 Ng5 27. Bxg5 fxg5 28. Rd1 Qc8 29. Rxd8 Qxb7 30. Rxe8+ Kh7 31. Ne5 Ba5 32. Ne2 Qb5 0-1

[Event "CHI-ch sf qual U1600"]
[Site "La Ligua"]
[Date "2019.11.23"]
[Round "3.2"]
[White "Valencia Castaneda, Juan"]
[Black "Gonzalez Osorio, Rafael"]
[Result "1-0"]
[WhiteElo "1427"]
[BlackElo "1117"]
[PlyCount "75"]
[EventDate "2019.11.23"]
[EventType "swiss"]
[EventRounds "5"]
[EventCountry "CHI"]
[SourceTitle "EXT 2024"]
[Source "ChessBase"]
[SourceDate "2023.10.10"]
[SourceVersion "1"]
[SourceVersionDate "2023.10.10"]
[SourceQuality "1"]

1. c4 e5 2. g3 Nf6 3. Bg2 Bc5 4. Nc3 0-0 5. Nf3 Nc6 6. 0-0 Re8 7. e3 e4 8. Ng5 Bb4 9. Ncxe4 Ne5 10. d3 c6 11. a3 Ba5 12. b4 Bc7 13. c5 d6 14. cxd6 Bxd6 15. d4 Ng6 16. Bb2 Bf5 17. Nxf6+ Qxf6 18. e4 Be6 19. e5 Nxe5 20. dxe5 Bxe5 21. Ne4 Qf5 22. Bxe5 Qxe5 23. Nc5 Red8 24. Qe1 Qxe1 25. Rfxe1 Rac8 26. Rad1 Bg4 27. Rxd8+ Rxd8 28. Nxb7 Rf8 29. Bxc6 h6 30. Nc5 Kh7 31. Be4+ g6 32. f3 Bc8 33. Re2 Kg7 34. Rd2 Re8 35. g4 Re5 36. Rd5 Re8 37. Kf2 Kf6 38. h4 1-0

[Event "Vina del Mar U2000 2nd"]
[Site "Vina del Mar"]
[Date "2018.06.16"]
[Round "3.7"]
[White "Gonzalez Osorio, Rafael"]
[Black "Rozas Lazcano, Valeska"]
[Result "0-1"]
[WhiteElo "1300"]
[BlackElo "1235"]
[PlyCount "112"]
[EventDate "2018.06.15"]
[EventType "swiss"]
[EventRounds "5"]
[EventCountry "CHI"]
[SourceTitle "EXT 2024"]
[Source "ChessBase"]
[SourceDate "2023.10.10"]
[SourceVersion "1"]
[SourceVersionDate "2023.10.10"]
[SourceQuality "1"]

1. e4 c5 2. Nc3 d6 3. d3 Nf6 4. g3 g6 5. h3 Bg7 6. Bg2 Nc6 7. Be3 Bd7 8. Qd2 0-0 9. Bh6 a6 10. Nge2 b5 11. Bxg7 Kxg7 12. 0-0 Qc8 13. f4 Bxh3 14. Bxh3 Qxh3 15. Rf2 b4 16. Nd5 Nxd5 17. exd5 Na7 18. f5 Qh6 19. Qxh6+ Kxh6 20. fxg6 fxg6 21. Rxf8 Rxf8 22. Nf4 Nb5 23. Ne6 Rf7 24. c4 Nd4 25. Nd8 Rf3 26. Kg2 Rxd3 27. Nf7+ Kg7 28. Ng5 Rd2+ 29. Kh3 Rxb2 30. Rf1 h5 31. Rf7+ Kh6 32. Nh7 Rxa2 33. g4 hxg4+ 34. Kxg4 Rg2+ 35. Kh3 Re2 36. Kg4 Re4+ 37. Kh3 b3 38. Nf8 Kg5 39. Ne6+ Nxe6 40. dxe6 Rxe6 41. Rf2 Re3+ 42. Kh2 Rc3 43. Rg2+ Kh6 44. Rg1 Rc2+ 45. Kh3 b2 46. Rb1 a5 47. Kg4 Rxc4+ 48. Kg3 Rc2 49. Kf4 a4 50. Rh1+ Kg7 51. Ke3 Rc1 52. Rh2 b1Q 53. Kf4 Rc4+ 54. Kf3 Qd3+ 55. Kg2 Rc2+ 56. Kh1 Qd1# 0-1

[Event "Quilpue U1600"]
[Site "Quilpue"]
[Date "2018.05.20"]
[Round "5.3"]
[White "Gonzalez Osorio, Rafael"]
[Black "Zamora Zamora, Cristian"]
[Result "0-1"]
[WhiteElo "1300"]
[BlackElo "1433"]
[PlyCount "26"]
[EventDate "2018.05.19"]
[EventType "swiss"]
[EventRounds "6"]
[EventCountry "CHI"]
[SourceTitle "EXT 2024"]
[Source "ChessBase"]
[SourceDate "2023.10.10"]
[SourceVersion "1"]
[SourceVersionDate "2023.10.10"]
[SourceQuality "1"]

1. e4 Nc6 2. Nf3 e5 3. d4 exd4 4. Nxd4 Qf6 5. Be3 Bd6 6. Bc4 Nge7 7. 0-0 h5 8. Qd2 h4 9. Nf5 h3 10. Nxd6+ cxd6 11. g3 Qf3 12. Bxf7+ Kf8 13. Bh5 Qg2# 0-1